000 00555nam a2200181Ia 4500
008 090123s9999 xx 000 0 und d
082 _b36196
100 _aशेवते अरुण
245 _aरंगल्या रात्री
250 _a1
260 _bमेहता प्रकाशन
_c2003
300 _a101
600 _aशेवते अरुण
630 _aरंगल्या रात्री
700 _aशेवते अरुण
730 _aरंगल्या रात्री
942 _cBOOK
999 _c74264
_d74264